00405nam a2200121Ia 4500008004100000041000800041100001900049245004400068260003500112650001500147999001900162952010200181231219s9999 xx 000 0 und d aeng aB.Bhattacharya aExport Marketing Strategies For Success bGlobal Business Press Delhi95  aManagement c976826d976826 00104070aMCMbMCMd2023-12-21g385.00l0pMCM-56BB0002625r2023-12-21 00:00:00w2023-12-21yBK